| 000 | 00703nam a2200229 a 4500 | ||
|---|---|---|---|
| 008 | |||
| 020 | _a8125907777 (pbk. ) | ||
| 049 | _aMAIN | ||
| 090 | _aHD69.75 PAT | ||
| 100 | 1 | _aPatel, Bhavesh M. | |
| 245 | 1 | 0 |
_aProject management : _bstrategic financial planning, evaluation and control / _cBhavesh M. Patel. |
| 260 |
_aNew Delhi : _bVikas, _c2000 |
||
| 300 |
_axiii, 666 p. ; _c24 cm. |
||
| 500 | _aIncludes index. | ||
| 504 | _aIncludes bibliographical references. | ||
| 650 | _aIndustrial development projects. | ||
| 907 |
_a.b10264218 _b10-07-09 _c10-07-09 |
||
| 003 | |||
| 005 | 20230123124940.0 | ||
| 040 | _cNUST | ||
| 942 |
_cBOOKS _kHD69.75 PAT |
||
| 999 |
_c133078 _d133078 |
||